Представление документа в формате MARC21

ПолеНазваниеЗначение
  Тип записи a
  Библиографический уровень m
001 Контрольный номер BIBLIOCLUB\0000721445
005 Дата корректировки 20260430154905.3
006 m o d
007 Элементы данных для физической характеристики c|||||||||||||
008 Кодируемые данные s2024 rus o rus d
020 Индекс ISBN __
a ISBN 978-5-00172-638-8
041 Код языка издания 0_
a Код языка текста rus
084 Индекс другой классификации/Индекс ББК __
a Индекс другой классификации/Индекс ББК 22.195я73
b Номер единицы LBC/PL
2 Источник индекса rubbk
084 Индекс другой классификации/Индекс ББК __
a Индекс другой классификации/Индекс ББК 32.972.131.2я73
b Номер единицы LBC/PL
2 Источник индекса rubbk
100 Автор 1_
a Автор Смирнов Д. Е.
245 Заглавие 10
a Заглавие Цифровая математика в LibreOffice Calc
b Продолж. заглавия учебное пособие
c Ответственность Д. Е. Смирнов, Ю. П. Кишкович, Е. С. Никитина
c Ответственность под ред. Д. Е. Смирнов
c Ответственность Финансовый университет при Правительстве Российской Федерации
c Ответственность Факультет информационных технологий и анализа больших данных
260 Выходные данные __
a Место издания Москва
b Издательство Прометей
c Дата издания 2024
300 Физическое описание __
a Объем 244 с.
b Иллюстрации/ тип воспроизводства ил., табл.
504 Библиография __
a Библиография Библиогр. в кн
653 Ключевые слова 1_
a Ключевые слова Учебник для высшей школы
700 Другие авторы _1
a Другие авторы Кишкович Ю. П.
700 Другие авторы _1
a Другие авторы Никитина Е. С.
702 _1
a Смирнов
b Д. Е.
4 340
856 Электронный адрес документа 40
3 Область применения данных поля Университетская библиотека ONLINE
u URL https://biblioclub.ru/index.php?page=book&id=721445
900 Электронные ресурсы __
a Имя электронного ресурса https://img.biblioclub.ru/sm_cover/ee68dc5f7b595547fdcb816949834dc087zketyxhm/cover.jpg